00619cam a22001931 4500001001300000003000400013005001700017008004100034010001700075035001900092040002100111042001200132050001500144100002400159245013500183260006500318300001900383650002300402ne 67001466 DLC20260227111834.0830921s1966 le 000 0 arar  ane 67001466  a(OCoLC)9929707 aDLCcTUdTUdDLC apremarc00aAC106b.S41 aChihabi, Moustapha.13aal-Shadharāt,bmaqālāt wa-muḥāḍarāt fī al-adab wa-al-ʻilm wa-al-falsafah.cbi-Qalam Muṣṭafā al-Shihābī. aBayrūt,bDār al-Kitāb al-Jadīdc[al-muqaddimah 1966] a320 p.c25 cm. 0aArabic literature.